00479nam a22001692 4500001001100000005001700011008004100028020001700069040001500086100004000101245005200141250001300193260004200206300001800248650004000266852000300306000001305920151217152121.0090525s xx 000 0 eng d a0070591172 : aKABUcKABU1 aBhattacharya, Amitabha.@000017015510aDigital communication /cAmitabha Bhattacharya. a1st ed. aNew Delhi :bTata McGraw-Hill,c2006. axxiv, 516 p. 0aDigital communications.@00001576851